| 000 | 00365 a2200109 4500 | ||
|---|---|---|---|
| 001 | ART_6661 | ||
| 005 | 20260410161620.0 | ||
| 008 | 260409a | ||
| 245 | 1 | 0 | _aEl proceso de implementación de las Normas Internacionales de Contabilidad en la empresa argentina |
| 100 | 1 | _aLuppi, Hugo Alberto | |
| 773 | 0 |
_tEnfoques _g- Nº 11 (nov. 2009) _wREV416 |
|
| 999 |
_c11475 _d11475 |
||